Estadísticas para Prueba de los Estados Unidos

Haz click aquí para intentar la prueba.

Estadísticas generales

  • Esta prueba ha sido intentada 2.530 veces
  • La puntuación promedio es 15 de 24

Estadísticas de respuestas

PistaRespuesta% Correcto
Países que limitan con los Estados UnidosCanadá
99%
Países que limitan con los Estados UnidosMéxico
99%
Capital de los Estados UnidosWashington D.C.
99%
Cuatro ciudades más grandes por poblaciónNueva York
93%
Animal nacionalÁguila calva
88%
Estado situado enteramente en islasHawái
87%
Cuatro ciudades más grandes por poblaciónLos Angeles
85%
# de Estados50
78%
Los principales partidos políticosRepublicano
77%
Los principales partidos políticosDemocrático
76%
El estado más grande por áreaAlaska
74%
La primera persona en caminar por la LunaNeil Armstrong
73%
El río más largoMisisipi | Misuri
70%
Cuatro ciudades más grandes por poblaciónChicago
68%
El estado más pequeño por áreaRhode Island
60%
La guerra que mató a la mayoría de los americanosGuerra de Secesión
58%
Atleta olímpico más condecoradoMichael Phelps
55%
Cuatro ciudades más grandes por poblaciónHouston
41%
Autor principal de la Declaración de IndependenciaThomas Jefferson
31%
El lago más grande que toca los Estados UnidosSuperior
28%
La ubicación con el clima más caliente jamás registradoValle de la Muerte
23%
La montaña más altaDenali
17%
Himno nacionalThe Star-Spangled
Banner
13%
Término para las 10 primeras enmiendas a la ConstituciónCarta de Derechos
11%

Distribución de puntuación

Porcentaje por número respondido

Porcentaje de gente con cada puntuación

Historial de tus puntuaciones

No has intentado esta prueba.